000 00787cam a22002655a 4500
001 1052324
005 20201128024207.0
008 900918s2003 njua fr 001 0 eng d
020 _a0138297894
020 _a9780138297893
040 _aDLC
_cDLC
_dDLC
_dEG-ScBUE
_beng
082 0 4 _a621.381534
_222
_bBEL
100 1 _aBell, David A.,
_d1930-
_99721
245 1 0 _aSolid state pulse circuits /
_cDavid A. Bell.
250 _a4th ed., Special ed.
260 _aEnglewood Cliffs :
_bPrentice Hall,
_c2003.
300 _axiii, 594 p. :
_bill. ;
_c24 cm.
500 _aIncludes index.
650 7 _aPulse circuits.
_2BUEsh
650 7 _aDigital electronics.
_2BUEsh
_910844
650 7 _aSemiconductors.
_2BUEsh
_92692
651 _2BUEsh
653 _bGGEN
_cNovember2017
942 _2ddc
999 _c25683
_d25655